ბათუმის შოთა რუსთაველის სახელმწიფო უნივერსიტეტის ბიბლიოთეკა

Юридическая консультация : (ბიბ.ჩანაწერი № 36023)

000 -LEADER
fixed length control field 00854nam a2200229Ia 4500
001 - CONTROL NUMBER
control field 1922
003 - CONTROL NUMBER IDENTIFIER
control field GE_BSU
005 - DATE AND TIME OF LATEST TRANSACTION
control field 20221006135403.0
008 - FIXED-LENGTH DATA ELEMENTS--GENERAL INFORMATION
fixed length control field 181216s2006ru xx |||||||||||||| ||rus||
020 ## - INTERNATIONAL STANDARD BOOK NUMBER
International Standard Book Number 5859714467
040 ## - CATALOGING SOURCE
Transcribing agency GE_BSU
041 ## - LANGUAGE CODE
Language code of text/sound track or separate title rus
080 ## - UNIVERSAL DECIMAL CLASSIFICATION NUMBER
Universal Decimal Classification number 347.9 Д-18
100 ## - MAIN ENTRY--PERSONAL NAME
Personal name Данило,Е.П.
9 (RLIN) 15092
245 ## - TITLE STATEMENT
Title Юридическая консультация :
Remainder of title Судебние спорты. Ответы на самые распространенные вопросы /
Statement of responsibility, etc. Е.П.Данило,
260 ## - PUBLICATION, DISTRIBUTION, ETC.
Name of publisher, distributor, etc. Москва :
264 ## - PRODUCTION, PUBLICATION, DISTRIBUTION, MANUFACTURE, AND COPYRIGHT NOTICE
Name of producer, publisher, distributor, manufacturer Кнорус,
Date of production, publication, distribution, manufacture, or copyright notice 2006.
300 ## - PHYSICAL DESCRIPTION
Extent 183 с.:
Other physical details 19 см.
653 ## - INDEX TERM--UNCONTROLLED
keyword Юридическая консультация.Судебние спорты
653 ## - INDEX TERM--UNCONTROLLED
keyword იურიდიული რჩევები სასამართლო სპორტი
942 ## - ADDED ENTRY ELEMENTS (KOHA)
Koha item type წიგნი
Source of classification or shelving scheme
ეგზემპლარები
Withdrawn status Lost status Source of classification or shelving scheme Damaged status Not for loan Permanent Location Current Location Shelving location Date acquired Cost, normal purchase price Full call number Barcode Date last seen Copy number Price effective from Koha item type Public note
          ბათუმის შოთა რუსთაველის სახელმწიფო უნივერსიტეტის მთავარი ბიბლიოთეკა ბათუმის შოთა რუსთაველის სახელმწიფო უნივერსიტეტის მთავარი ბიბლიოთეკა წიგნსაცავი 2018-12-17 5.00 347.9 Д-18 3866 2018-12-17 3866 2018-12-17 წიგნი 5.00